| 000 | 00422cam a2200169ua 4500 | ||
|---|---|---|---|
| 003 | OSt | ||
| 008 | 250731b |||||||| |||| 00| 0 eng d | ||
| 041 | _aeng | ||
| 082 |
_a625.7 _bSHA/PR |
||
| 100 |
_aSharma, R.C . _94304 |
||
| 245 | _aPrinciples and practice of highway engineering / | ||
| 250 | _a1 / | ||
| 260 |
_a : _bAsia Publishing House , _c1964. |
||
| 300 | _a664 ; . | ||
| 700 | 1 | _aSharma, S.K . | |
| 942 | _cBK | ||
| 999 |
_c1583 _d1583 |
||